Torschützenliste der La Liga 2015-2016 - Statistiken

Allgemein
  • Dieses Quiz wurde 31 mal gespielt
  • Das Durchschnittsergebnis liegt bei 7 aus 10
Antwortstatistiken
Tore Nationalität Verein Spieler % Korrekt
35 Portugal Real Madrid Cristiano Ronaldo
100%
19 Wales Real Madrid Gareth Bale
100%
24 Frankreich Real Madrid Karim Benzema
100%
26 Argentinien FC Barcelona Lionel Messi
100%
22 Frankreich Atlético Madrid Antoine Griezmann
97%
40 Uruguay FC Barcelona Luis Suárez
97%
24 Brasilien FC Barcelona Neymar
97%
20 Spanien Athletic Bilbao Aritz Aduriz
41%
19 Spanien Betis Sevilla Rubén Castro
7%
18 Spanien SD Eibar Borja Bastón
0%
Keine übereinstimmenden Quizze gefunden
Verteilung der Resultate
Anzahl Personen mit jedem Resultat
Perzentil nach korrekt beantworteten Fragen
Ihre Resultats-Entwicklung
Sie haben dieses Quiz noch nicht gespielt